[Event "POR-ch rapid"]
[Site "Mirandela"]
[Date "2017.06.03"]
[Round "6"]
[White "Galego, Luis"]
[Black "Martins, Guilherme Pires Tav"]
[Result "1-0"]
[WhiteElo "2482"]
[BlackElo "1963"]
[PlyCount "75"]
[EventDate "2017.06.03"]
[EventType "swiss (rapid)"]
[EventRounds "7"]
[EventCountry "POR"]
[SourceTitle "CBM 178 Extra"]
[Source "ChessBase"]
[SourceDate "2017.06.22"]
[SourceVersion "1"]
[SourceVersionDate "2017.06.22"]
[SourceQuality "1"]

1. e4 c5 2. Nf3 e6 3. Nc3 a6 4. g3 Nc6 5. Bg2 d6 6. 0-0 g6 7. d4 cxd4 8. Nxd4 Bg7 9. Be3 Nge7 10. Qd2 0-0 11. Rad1 Ne5 12. b3 Qc7 13. h3 Rd8 14. a4 b6 15. f4 N5c6 16. Nxc6 Nxc6 17. Ne2 Bb7 18. c4 Na5 19. Qb4 b5 20. axb5 axb5 21. cxb5 Qc2 22. Nd4 Bxd4 23. Bxd4 Qxb3 24. Qxb3 Nxb3 25. Bf6 Rd7 26. Rfe1 Ra5 27. Rb1 Nc5 28. b6 h6 29. Re2 Ra4 30. e5 dxe5 31. Rc2 Ne4 32. fxe5 Kh7 33. Rc7 Rad4 34. Bxe4 Bxe4 35. b7 Rd1+ 36. Rxd1 Rxd1+ 37. Kf2 Rb1 38. Rc8 1-0

[Event "POR-ch U18"]
[Site "Luso"]
[Date "2015.07.22"]
[Round "1"]
[White "Branco, Joana Catarina Cost"]
[Black "Martins, Guilherme Pires Tav"]
[Result "0-1"]
[WhiteElo "1564"]
[BlackElo "1963"]
[PlyCount "86"]
[EventDate "2015.07.22"]
[EventType "swiss"]
[EventRounds "7"]
[EventCountry "POR"]
[SourceTitle "EXT 2018"]
[Source "ChessBase"]
[SourceDate "2017.10.13"]
[SourceVersion "1"]
[SourceVersionDate "2017.10.13"]
[SourceQuality "1"]

1. e4 c5 2. Nf3 e6 3. c3 d5 4. exd5 Qxd5 5. Bb5+ Bd7 6. Bxd7+ Qxd7 7. 0-0 Nc6 8. d4 cxd4 9. Nxd4 Nxd4 10. Qxd4 Qxd4 11. cxd4 Nf6 12. Nc3 Be7 13. Bf4 0-0 14. a3 Rfd8 15. Rad1 Rd7 16. Rfe1 Nd5 17. Bd2 Nb6 18. Be3 Bf6 19. Nb5 a6 20. Nc3 Rad8 21. d5 Nxd5 22. Nxd5 Rxd5 23. Rxd5 Rxd5 24. b4 g6 25. g3 Kg7 26. a4 Rd3 27. Rb1 Bd4 28. Bxd4+ Rxd4 29. a5 Rd5 30. Kf1 Kf6 31. Ke2 Ke5 32. Rc1 Rb5 33. Rc7 Rxb4 34. Rxf7 h5 35. f4+ Kd6 36. Rg7 Rb5 37. Ke3 Rxa5 38. Rxb7 Rb5 39. Rg7 a5 40. Rxg6 a4 41. Rg5 Rxg5 42. fxg5 a3 43. g6 Ke7 0-1

[Event "POR-chT Districts U20"]
[Site "Pombal"]
[Date "2015.07.04"]
[Round "2.2"]
[White "Martins, Guilherme Pires Tav"]
[Black "Bernardo, Daniel Madureira"]
[Result "1/2-1/2"]
[WhiteElo "1963"]
[BlackElo "1949"]
[PlyCount "86"]
[EventDate "2015.07.04"]
[EventType "team-swiss"]
[EventRounds "4"]
[EventCountry "POR"]
[SourceTitle "EXT 2018"]
[Source "ChessBase"]
[SourceDate "2017.10.13"]
[SourceVersion "1"]
[SourceVersionDate "2017.10.13"]
[SourceQuality "1"]
[WhiteTeam "Porto"]
[BlackTeam "Aveiro"]
[WhiteTeamCountry "POR"]
[BlackTeamCountry "POR"]

1. e4 c6 2. d4 d5 3. exd5 cxd5 4. Bd3 Nf6 5. Bf4 Nc6 6. c3 Bg4 7. Qb3 Qc8 8. Nd2 e6 9. Ngf3 Be7 10. 0-0 0-0 11. Rfe1 Bh5 12. Ne5 Nd7 13. Nxc6 bxc6 14. Rac1 Bf6 15. Qa3 a5 16. Bf1 Re8 17. Qa4 Nb6 18. Qc2 Bg6 19. Qb3 Qd8 20. Nf3 a4 21. Qd1 Bh5 22. h3 Bxf3 23. Qxf3 Bg5 24. Rc2 Bxf4 25. Qxf4 Nd7 26. Qd6 Qb6 27. c4 Nf6 28. cxd5 exd5 29. Rec1 Qxd4 30. Qxc6 h6 31. b3 axb3 32. axb3 Rab8 33. Qa4 Rb4 34. Qa2 Ne4 35. Rc8 Rxc8 36. Rxc8+ Kh7 37. Rc2 Rb7 38. Qb1 g6 39. Qb2 Qb6 40. Qe5 Qd6 41. Qxd6 Nxd6 42. Rd2 Rxb3 43. Rxd5 Rb6 1/2-1/2

[Event "Krakow op-B 25th"]
[Site "Krakow"]
[Date "2015.01.04"]
[Round "9"]
[White "Gokhale, Raghunandan V"]
[Black "Martins, Guilherme Pires Tav"]
[Result "0-1"]
[WhiteElo "2076"]
[BlackElo "1936"]
[PlyCount "142"]
[EventDate "2014.12.27"]
[EventType "swiss"]
[EventRounds "9"]
[EventCountry "POL"]
[SourceTitle "CBM 164 Extra"]
[Source "ChessBase"]
[SourceDate "2015.03.02"]
[SourceVersion "1"]
[SourceVersionDate "2015.03.02"]
[SourceQuality "1"]

1. d4 Nf6 2. c4 e6 3. Nc3 Bb4 4. Qb3 Qe7 5. Nf3 0-0 6. Bg5 h6 7. Bxf6 Bxc3+ 8. Qxc3 Qxf6 9. e3 b6 10. Be2 Bb7 11. 0-0 d6 12. Rac1 Nd7 13. Rfd1 Rad8 14. b4 c5 15. dxc5 dxc5 16. Qxf6 gxf6 17. a3 Be4 18. Nd2 Bg6 19. f4 Rc8 20. g4 f5 21. Ne4 fxg4 22. Nd6 Rb8 23. e4 Nf6 24. f5 exf5 25. exf5 Bh7 26. Rf1 Rbd8 27. Rcd1 Kg7 28. h3 h5 29. Kh2 g3+ 30. Kh1 Rd7 31. h4 a6 32. Rg1 Rfd8 33. Rxg3+ Ng4 34. Bxg4 Rxd6 35. f6+ Kh6 36. Rxd6 Rxd6 37. bxc5 bxc5 38. Be2 Rxf6 39. Rb3 Be4+ 40. Kg1 Bf5 41. Rb7 Bg4 42. Bd3 Rd6 43. Be4 Be6 44. Rc7 Rd4 45. Bd5 Bxd5 46. cxd5 Rxd5 47. Rc6+ Kg7 48. Rxa6 Rd4 49. Ra5 Rxh4 50. Rxc5 Kg6 51. Kg2 Rd4 52. Rc3 f5 53. Rg3+ Kf6 54. Rh3 Rd2+ 55. Kg1 Kg5 56. Rb3 Kg4 57. Rc3 Ra2 58. Rb3 f4 59. Rc3 h4 60. Rb3 f3 61. Rb8 Rxa3 62. Rg8+ Kh3 63. Kf2 Kh2 64. Rh8 h3 65. Rh7 Ra8 66. Rh6 Ra2+ 67. Kf1 Rg2 68. Rh8 Kg3 69. Rg8+ Kf4 70. Rf8+ Ke4 71. Re8+ Kd5 0-1

[Event "Madeira AEJ op 11th"]
[Site "Sao Joao da Madeira"]
[Date "2014.10.11"]
[Round "5"]
[White "Romano, Joao Manuel Pereira"]
[Black "Martins, Guilherme Pires Tav"]
[Result "0-1"]
[WhiteElo "1732"]
[BlackElo "1915"]
[PlyCount "54"]
[EventDate "2014.10.04"]
[EventType "swiss"]
[EventRounds "7"]
[EventCountry "POR"]
[SourceTitle "EXT 2018"]
[Source "ChessBase"]
[SourceDate "2017.10.13"]
[SourceVersion "1"]
[SourceVersionDate "2017.10.13"]
[SourceQuality "1"]

1. Nf3 Nf6 2. d4 e6 3. g3 Be7 4. Bg2 0-0 5. 0-0 d5 6. c4 b6 7. b3 Bb7 8. Bb2 c5 9. Nbd2 Nc6 10. Rc1 Rc8 11. a3 cxd4 12. Nxd4 Nxd4 13. Bxd4 Bxa3 14. Ra1 Bb4 15. Bxf6 Qxf6 16. Rxa7 Bc6 17. cxd5 Bxd5 18. Bxd5 exd5 19. Nf3 Rfe8 20. Rd7 Qe6 21. Rxd5 Qxe2 22. Qxe2 Rxe2 23. Rd4 Bc5 24. Rc4 Rb2 25. Nd4 Rd8 26. Rfc1 g6 27. R1c2 Rb1+ 0-1

[Event "Madeira AEJ op 11th"]
[Site "Sao Joao da Madeira"]
[Date "2014.10.05"]
[Round "2"]
[White "Martins, Guilherme Pires Tav"]
[Black "Oliveira, Manuel Jorge Pinho"]
[Result "1-0"]
[WhiteElo "1915"]
[BlackElo "1606"]
[PlyCount "50"]
[EventDate "2014.10.04"]
[EventType "swiss"]
[EventRounds "7"]
[EventCountry "POR"]
[SourceTitle "EXT 2018"]
[Source "ChessBase"]
[SourceDate "2017.10.13"]
[SourceVersion "1"]
[SourceVersionDate "2017.10.13"]
[SourceQuality "1"]

1. e4 e6 2. d4 Nf6 3. e5 Ne4 4. Nf3 d5 5. exd6 Nxd6 6. Bd3 Be7 7. 0-0 0-0 8. Qe2 Nc6 9. c3 a6 10. Re1 Bd7 11. Nbd2 Re8 12. Ne4 Nxe4 13. Qxe4 f5 14. Qe2 Bf6 15. Bf4 Ne7 16. Be5 Ng6 17. Bxf6 Qxf6 18. Bc4 b5 19. Bb3 Nf4 20. Qd2 Ng6 21. Qg5 Kf7 22. Qh5 Kg8 23. Ne5 Nxe5 24. Rxe5 Re7 25. Rxf5 Bc8 1-0

[Event "POR-ch U16"]
[Site "Luso"]
[Date "2014.07.26"]
[Round "6"]
[White "Dias, Ivo Rodrigues"]
[Black "Martins, Guilherme Pires Tav"]
[Result "0-1"]
[WhiteElo "1995"]
[BlackElo "1886"]
[PlyCount "102"]
[EventDate "2014.07.23"]
[EventType "swiss"]
[EventRounds "7"]
[EventCountry "POR"]
[SourceTitle "EXT 2015"]
[Source "ChessBase"]
[SourceDate "2014.11.20"]
[SourceVersion "1"]
[SourceVersionDate "2014.11.20"]
[SourceQuality "1"]

1. Nf3 Nf6 2. c4 e6 3. g3 d5 4. Bg2 Be7 5. 0-0 0-0 6. d4 c6 7. Nc3 Nbd7 8. Nd2 Re8 9. Re1 Bf8 10. e4 dxe4 11. Ndxe4 Nb6 12. b3 Nxe4 13. Bxe4 Qf6 14. Be3 h6 15. f4 Ba3 16. Qc2 Bd7 17. Rad1 Rac8 18. Bg2 Bb4 19. Re2 Nd5 20. Ne4 Qd8 21. cxd5 cxd5 22. Nc5 b6 23. a3 bxc5 24. dxc5 Bxa3 25. Ra1 Bb4 26. Rxa7 Bb5 27. Rb7 Bxc5 28. Bxc5 Bxe2 29. b4 Bg4 30. h3 Bf5 31. Qa4 Ra8 32. Qc6 Qf6 33. Ra7 Rac8 34. Qd6 Qg6 35. g4 Be4 36. Bf1 h5 37. Be2 hxg4 38. hxg4 Qh6 39. Qe5 Qh3 40. Kf2 Qh4+ 41. Ke3 Qh3+ 42. Kd2 Qh2 43. Ke1 Rxc5 44. bxc5 Qg1+ 45. Kd2 Qxc5 46. Rc7 Qb4+ 47. Ke3 Ra8 48. Rd7 Qc5+ 49. Kd2 Ra2+ 50. Ke1 Qg1+ 51. Bf1 Qe3+ 0-1

[Event "POR-ch U16"]
[Site "Luso"]
[Date "2014.07.25"]
[Round "4"]
[White "Santos, Rita Alexandra"]
[Black "Martins, Guilherme Pires Tav"]
[Result "0-1"]
[WhiteElo "1511"]
[BlackElo "1886"]
[PlyCount "36"]
[EventDate "2014.07.23"]
[EventType "swiss"]
[EventRounds "7"]
[EventCountry "POR"]
[SourceTitle "EXT 2015"]
[Source "ChessBase"]
[SourceDate "2014.11.20"]
[SourceVersion "1"]
[SourceVersionDate "2014.11.20"]
[SourceQuality "1"]

1. e4 c5 2. Nc3 Nc6 3. f4 g6 4. Nf3 Bg7 5. Bb5 Nd4 6. Bc4 d6 7. h3 e6 8. 0-0 Ne7 9. d3 0-0 10. Ne2 d5 11. Bb3 Nxf3+ 12. Rxf3 dxe4 13. Rf1 exd3 14. cxd3 b6 15. Be3 Nf5 16. Bf2 Bb7 17. Qd2 Qd7 18. Rad1 Qc6 0-1

[Event "POR-ch U16"]
[Site "Luso"]
[Date "2014.07.23"]
[Round "1"]
[White "Martins, Guilherme Pires Tav"]
[Black "Pedroso, Tiago Cerqueira"]
[Result "1-0"]
[WhiteElo "1886"]
[BlackElo "1336"]
[PlyCount "69"]
[EventDate "2014.07.23"]
[EventType "swiss"]
[EventRounds "7"]
[EventCountry "POR"]
[SourceTitle "EXT 2015"]
[Source "ChessBase"]
[SourceDate "2014.11.20"]
[SourceVersion "1"]
[SourceVersionDate "2014.11.20"]
[SourceQuality "1"]

1. e4 c5 2. Nf3 Nc6 3. d4 cxd4 4. Nxd4 g6 5. c4 Nf6 6. Nc3 Bg7 7. Be3 d6 8. Be2 0-0 9. 0-0 Bd7 10. Qd2 a6 11. f3 Rb8 12. Rfd1 Nxd4 13. Bxd4 b5 14. Rac1 Qa5 15. Nd5 Qxd2 16. Nxe7+ Kh8 17. Rxd2 Rfe8 18. Nd5 Re6 19. Nxf6 Bxf6 20. Bxf6+ Rxf6 21. e5 Rf4 22. Rxd6 Be6 23. c5 Rc8 24. Bd3 Ra4 25. a3 Kg7 26. c6 Bc4 27. Bc2 Ra5 28. Be4 Ra4 29. Bd5 Kh6 30. b3 Bxb3 31. Bxb3 Rxa3 32. Bxf7 b4 33. c7 Rc3 34. Rxc3 bxc3 35. Rc6 1-0

[Event "La Roda op 41st"]
[Site "La Roda"]
[Date "2014.04.16"]
[Round "1"]
[White "Maiorov, Nikita"]
[Black "Martins, Guilherme Pires Tav"]
[Result "1-0"]
[WhiteElo "2522"]
[BlackElo "1887"]
[PlyCount "65"]
[EventDate "2014.04.16"]
[EventType "swiss"]
[EventRounds "9"]
[EventCountry "ESP"]
[SourceTitle "CBM 159 Extra"]
[Source "ChessBase"]
[SourceDate "2014.04.24"]
[SourceVersion "1"]
[SourceVersionDate "2014.04.24"]
[SourceQuality "1"]

1. d4 Nf6 2. c4 e6 3. Nc3 Bb4 4. Qc2 0-0 5. a3 Bxc3+ 6. Qxc3 b6 7. Bg5 Bb7 8. e3 d6 9. Nf3 Nbd7 10. Nd2 c5 11. dxc5 dxc5 12. Bd3 Qc7 13. f3 Qe5 14. Qxe5 Nxe5 15. Bc2 Rfd8 16. b3 Rd7 17. Ke2 h6 18. Bh4 Rad8 19. Rhd1 g5 20. Bg3 Nc6 21. Nf1 Rxd1 22. Bxd1 Nh5 23. Be1 Rd7 24. Bc3 Ng7 25. Nd2 f5 26. b4 cxb4 27. axb4 Ba8 28. Nb3 Ne8 29. b5 Nd8 30. Be5 Nf7 31. Bb8 Nfd6 32. Nd4 Nxc4 33. Bb3 1-0

[Event "POR-ch U16"]
[Site "Braga"]
[Date "2013.08.04"]
[Round "3.7"]
[White "Martins, Guilherme Pires Tav"]
[Black "Almeida, David Sousa"]
[Result "1-0"]
[WhiteElo "1871"]
[BlackElo "1373"]
[PlyCount "69"]
[EventDate "2013.08.02"]
[EventType "swiss"]
[EventRounds "7"]
[EventCountry "POR"]
[SourceTitle "EXT 2015"]
[Source "ChessBase"]
[SourceDate "2014.11.20"]
[SourceVersion "1"]
[SourceVersionDate "2014.11.20"]
[SourceQuality "1"]

1. e4 c5 2. Nf3 e6 3. g3 Nc6 4. Bg2 Nf6 5. Nc3 d5 6. exd5 exd5 7. d4 Bg4 8. dxc5 Bxc5 9. 0-0 h6 10. Re1+ Be7 11. h3 Be6 12. Nb5 0-0 13. Nbd4 Bd7 14. Be3 Nxd4 15. Nxd4 Bc6 16. Nf5 Rc8 17. Nxe7+ Qxe7 18. Bxh6 Qb4 19. Be3 b6 20. Bd4 Qd6 21. Be5 Qd8 22. Qd4 Re8 23. Bxf6 Qxf6 24. Qxf6 gxf6 25. Rad1 Rxe1+ 26. Rxe1 Rc7 27. Rd1 Rd7 28. c3 a5 29. Rd4 b5 30. b3 Kf8 31. Kf1 Ke7 32. Ke1 f5 33. h4 Kf6 34. Kd2 Rd8 35. c4 1-0

[Event "Gaia Profigaia op 6th"]
[Site "Vila Nova de Gaia"]
[Date "2013.07.12"]
[Round "9.18"]
[White "Martins, Guilherme Pires Tav"]
[Black "Silva, Mariana Sofia Teixe"]
[Result "0-1"]
[WhiteElo "1878"]
[BlackElo "1574"]
[PlyCount "108"]
[EventDate "2013.07.06"]
[EventType "swiss"]
[EventRounds "9"]
[EventCountry "POR"]
[SourceTitle "EXT 2015"]
[Source "ChessBase"]
[SourceDate "2014.11.20"]
[SourceVersion "1"]
[SourceVersionDate "2014.11.20"]
[SourceQuality "1"]

1. e4 c5 2. Nf3 e6 3. g3 Nc6 4. Bg2 Qc7 5. 0-0 Nf6 6. Nc3 d6 7. Re1 Be7 8. d4 cxd4 9. Nxd4 a6 10. a4 Bd7 11. Nxc6 Bxc6 12. Be3 0-0 13. a5 Nd7 14. f4 Bf6 15. Qd2 b6 16. Red1 Be7 17. Ne2 Qb7 18. Qb4 b5 19. Nd4 Bxe4 20. Nf5 exf5 21. Bxe4 fxe4 22. Rd4 Nf6 23. c4 d5 24. c5 Rac8 25. Rc1 Rc6 26. Rd2 Rfc8 27. Rdc2 Ng4 28. Bd4 Bf6 29. h3 Bxd4+ 30. Qxd4 Nf6 31. b4 Qe7 32. Kh2 Qe6 33. Rd1 e3 34. Re2 Re8 35. Rde1 Qe4 36. Rxe3 Qc2+ 37. Kg1 Rxe3 38. Qxe3 Re6 39. Qf2 Qxf2+ 40. Kxf2 Rxe1 41. Kxe1 Ne4 42. Ke2 Nxg3+ 43. Kd3 Nf5 44. c6 Ne7 45. c7 Kf8 46. Kd4 Ke8 47. Kc5 d4 48. Kb6 d3 49. Kxa6 d2 50. Kb7 d1Q 51. a6 Qd5+ 52. Kb8 Nc8 53. a7 Nxa7 54. Kxa7 Qc6 0-1

[Event "Gaia Profigaia op 6th"]
[Site "Vila Nova de Gaia"]
[Date "2013.07.07"]
[Round "4.5"]
[White "Carneiro, Carlos Alberto Carv"]
[Black "Martins, Guilherme Pires Tav"]
[Result "0-1"]
[WhiteElo "2255"]
[BlackElo "1878"]
[PlyCount "120"]
[EventDate "2013.07.06"]
[EventType "swiss"]
[EventRounds "9"]
[EventCountry "POR"]
[SourceTitle "EXT 2015"]
[Source "ChessBase"]
[SourceDate "2014.11.20"]
[SourceVersion "1"]
[SourceVersionDate "2014.11.20"]
[SourceQuality "1"]

1. d4 Nf6 2. c4 e6 3. Nf3 Bb4+ 4. Nbd2 b6 5. g3 Bb7 6. Bg2 0-0 7. 0-0 d5 8. Ne5 Bd6 9. Ndf3 Nbd7 10. Bg5 c5 11. Nxd7 Qxd7 12. Bxf6 gxf6 13. cxd5 Bxd5 14. dxc5 bxc5 15. Nh4 Bxg2 16. Nxg2 Rfd8 17. Qc2 Qb5 18. Rad1 Be7 19. Ne3 f5 20. Nc4 Bf6 21. b3 a5 22. Rxd8+ Rxd8 23. a4 Qb4 24. Rd1 Kg7 25. Rxd8 Bxd8 26. Nb2 Qe4 27. Qxe4 fxe4 28. Nc4 Bc7 29. Kf1 Kf8 30. Ke1 Ke8 31. Kd2 Kd7 32. Kc3 Kc6 33. Ne3 Be5+ 34. Kc4 Bd4 35. Nd1 f5 36. h3 h5 37. f3 exf3 38. exf3 e5 39. Kd3 Kd5 40. Ne3+ Ke6 41. Nc4 Bf2 42. g4 hxg4 43. hxg4 e4+ 44. Ke2 Bh4 45. fxe4 fxg4 46. Ke3 Be1 47. Kf4 g3 48. Kf3 Kf6 49. Nb2 Kg5 50. Nd3 Bf2 51. Ne5 Kf6 52. Nd3 Kg5 53. Nf4 Kf6 54. Nd5+ Ke5 55. Ne7 Be1 56. Nc6+ Kd6 57. Nd8 Ke5 58. Nb7 Bb4 59. Nd8 g2 60. Kxg2 Kxe4 0-1

[Event "Wch U14"]
[Site "Maribor"]
[Date "2012.11.17"]
[Round "10.46"]
[White "Hoang, Harry"]
[Black "Martins, Guilherme Pires Tav"]
[Result "1/2-1/2"]
[WhiteElo "1919"]
[BlackElo "1814"]
[PlyCount "136"]
[EventDate "2012.11.08"]
[EventType "swiss"]
[EventRounds "11"]
[EventCountry "SLO"]
[SourceTitle "EXT 2013"]
[Source "ChessBase"]
[SourceDate "2012.11.22"]
[SourceVersion "1"]
[SourceVersionDate "2012.11.22"]
[SourceQuality "1"]

1. e4 c5 2. Nf3 a6 3. d4 cxd4 4. Nxd4 Nf6 5. Nc3 e5 6. Nf3 Bb4 7. Bd2 0-0 8. Bd3 Nc6 9. 0-0 d6 10. a3 Bc5 11. Bg5 h6 12. Bxf6 Qxf6 13. Nd5 Qd8 14. Bc4 Kh8 15. b4 Ba7 16. c3 f5 17. Nd2 Ne7 18. Qb3 Nxd5 19. Bxd5 Qg5 20. Nf3 Qg4 21. h3 Qf4 22. Rae1 fxe4 23. Rxe4 Qg3 24. Bxb7 Bxb7 25. Rg4 Rxf3 26. Rxg3 Rxg3 27. Rd1 Rxg2+ 28. Kf1 Rf8 29. Rd2 Bxf2 30. Rd5 Bg3+ 31. Kxg2 Bh4 32. c4 Rf2+ 33. Kg1 Bxd5 34. cxd5 Rf4 35. a4 e4 36. Qe3 Bg5 37. Qe2 e3 38. b5 Rf2 39. Qc4 axb5 40. axb5 Rb2 41. Qc8+ Kh7 42. Qf5+ Kg8 43. Qe6+ Kh8 44. Qe8+ Kh7 45. Qe4+ g6 46. h4 Bd8 47. Qxe3 h5 48. Qa7+ Kh6 49. Qd4 Rb1+ 50. Kg2 Kh7 51. Qf4 Kg7 52. Qxd6 Bxh4 53. b6 Rb2+ 54. Kf3 Rf2+ 55. Ke3 Rf7 56. Qc6 Kh6 57. d6 Bg3 58. d7 Bf2+ 59. Ke4 Bxb6 60. Qe6 Rg7 61. Qxb6 Rxd7 62. Ke5 Rf7 63. Qd8 Rf5+ 64. Ke6 Kg7 65. Qe7+ Kh6 66. Qe8 Kg7 67. Qd8 Kh7 68. Qd4 Kh6 1/2-1/2

[Event "EU-ch U14"]
[Site "Prague"]
[Date "2012.08.19"]
[Round "3"]
[White "Martins, Guilherme Pires Tav"]
[Black "Johannesson, Oliver Aron"]
[Result "1-0"]
[WhiteElo "1761"]
[BlackElo "2047"]
[PlyCount "43"]
[EventDate "2012.08.17"]
[EventType "swiss"]
[EventRounds "9"]
[EventCountry "CZE"]
[SourceTitle "CBM 150 Extra"]
[Source "ChessBase"]
[SourceDate "2012.10.19"]
[SourceVersion "1"]
[SourceVersionDate "2012.10.19"]
[SourceQuality "1"]

1. e4 c5 2. Nf3 e6 3. g3 Nc6 4. Bg2 g6 5. d4 Bg7 6. d5 Nce7 7. 0-0 Nf6 8. Nc3 d6 9. dxe6 fxe6 10. e5 Nfd5 11. Ne4 dxe5 12. c4 b6 13. Bg5 Bb7 14. cxd5 exd5 15. Nf6+ Kf7 16. Nxe5+ Kf8 17. Qf3 Nf5 18. Nfd7+ Ke8 19. Bxd8 Kxd8 20. Rad1 Nd4 21. Qf7 Nf5 22. Nxc5 1-0

[Event "Mondariz op 9th"]
[Site "Mondariz Balneario"]
[Date "2011.08.22"]
[Round "1.11"]
[White "Martins, Guilherme Pires Tav"]
[Black "Martins, David Pires Tavares"]
[Result "0-1"]
[WhiteElo "1646"]
[BlackElo "2063"]
[PlyCount "64"]
[EventDate "2011.08.22"]
[EventType "swiss"]
[EventRounds "7"]
[EventCountry "ESP"]
[SourceTitle "EXT 2024"]
[Source "ChessBase"]
[SourceDate "2023.10.10"]
[SourceVersion "1"]
[SourceVersionDate "2023.10.10"]
[SourceQuality "1"]

1. e4 g6 2. d4 Bg7 3. Nc3 c6 4. Bc4 e6 5. Bb3 Ne7 6. Nge2 d5 7. exd5 cxd5 8. Bf4 a6 9. 0-0 b5 10. a4 b4 11. Na2 a5 12. c3 Nbc6 13. Nac1 0-0 14. Nd3 Nf5 15. Ng3 Nd6 16. Re1 Re8 17. Ne5 Nxe5 18. Bxe5 f6 19. Bxd6 Qxd6 20. Qd2 Rb8 21. Bc2 Ba6 22. Nf1 Rec8 23. Qe3 Rb6 24. Nd2 bxc3 25. bxc3 Rbc6 26. Nb1 Qb8 27. Qc1 Bf8 28. Ra2 Bd6 29. Qh6 Bf4 30. Qh3 Bc4 31. Rxe6 Re8 32. Rb2 Rcxe6 0-1